Formule 1 - Quiz pilote : Oscar Piastri - Statistiques

Statistiques générales
  • Ce quiz a été pris 274 fois
    73 depuis la dernière actualisation
  • Le résultat moyen est 12 sur 15
Statistiques - réponses
Hint Réponse % Correct
Championnat du monde Nombres de titre constructeur 2
100%
Informations de base Arrivée en Formule 1 (année) 2023
100%
Championnat du monde Nombres de titre pilote 0
98%
Écuries pour lesquelles il a conduit Depuis 2023 McLaren
98%
Championnat du monde 1er titre (année) 2024
97%
Championnat du monde 2e titre (année) 2025
97%
Coéquipiers Depuis 2023 Lando Norris
97%
Informations de base Nationalité (sportive) Australie
95%
Informations de base Numéro de pilote 81
92%
Victoire Nombre de victoire totale 9
92%
Autres De quelle écurie a-t-il refusé un contrat en Formule 1 sur Twitter ? Alpine
87%
Autres QUi est son manager (ancien pilote de Formule 1) Mark Webber
73%
Informations de base Nom complet Oscar Jack Piastri
48%
Victoire 1ère victoire Grand Prix de Hongrie 2024
46%
Informations de base Date de naissance 6 avril 2001
27%
Aucun quiz correspondant
Distribution des résultats
% des personnes avec chaque résultat
Percentile par nombre de réponses
Votre historique - résultats
Vous n’avez pas pris ce quiz depuis la dernière actualisation